Gruppi etnici e i loro confini (I) (Record n. 78847)
[ formato base ]
| 000 -LEADER | |
|---|---|
| fixed length control field | 01387nam a2200289Ia 4500 |
| 001 - CONTROL NUMBER | |
| control field | C9485 |
| 003 - CONTROL NUMBER IDENTIFIER | |
| control field | IT-RoPAU |
| 008 - FIXED-LENGTH DATA ELEMENTS--GENERAL INFORMATION | |
| fixed length control field | 130308s9999 xx 000 0 und d |
| 040 ## - CATALOGING SOURCE | |
| Original cataloging agency | IT-RoPAU |
| 040 ## - CATALOGING SOURCE | |
| Transcribing agency | IT-RoPAU |
| 041 ## - LANGUAGE CODE | |
| Language code of text/sound track or separate title | ITALIANO |
| 100 ## - MAIN ENTRY--PERSONAL NAME | |
| Personal name | Barth Fredrik |
| 100 ## - MAIN ENTRY--PERSONAL NAME | |
| Miscellaneous information | Codice Aut. SPICS: 43030 |
| 245 ## - TITLE STATEMENT | |
| Title | Gruppi etnici e i loro confini (I) |
| 245 ## - TITLE STATEMENT | |
| Remainder of title | Questioni di Etnicita' |
| 250 ## - EDITION STATEMENT | |
| Edition statement | 1a ed. |
| 260 ## - PUBLICATION, DISTRIBUTION, ETC. (IMPRINT) | |
| Place of publication, distribution, etc. | TORINO |
| 260 ## - PUBLICATION, DISTRIBUTION, ETC. (IMPRINT) | |
| Name of publisher, distributor, etc. | Rosenberg & Sellier |
| 260 ## - PUBLICATION, DISTRIBUTION, ETC. (IMPRINT) | |
| Date of publication, distribution, etc. | 1994 [1° Ed.:1994 - Ed.Ling.Originale:1994] |
| 300 ## - PHYSICAL DESCRIPTION | |
| Extent | "39 p. (prefazione: no ; testo: 39 [pagine: 33-71])" |
| 500 ## - GENERAL NOTE | |
| General note | Definizioni del gruppo Etnico. gruppi Etnici Come Unità Portatrici di Cultura, Come Tipi di Organizzazione. Confine dei gruppi Etnici. sistemi Sociali Polietnici. Associazioni di Identità e Standard di Valore. interdipendenza dei gruppi Etnici. Prospettiva Ecologica e Demografica. Fattori di cambiamento di Identità. Persistenza dei Confini Culturali. Identità Etnica Ebeni Tangibili. gruppi Etnici e Stratificazione. Problema della Variazione. Minoranze, Paria e Carattersitiche Organizzative della Periferia. contatto Culturale e Cambiamento. Variazioni Nello Sviluppo delle relazioni Etniche. gruppi Etnici ed Evoluzione Culturale. |
| 650 ## - SUBJECT ADDED ENTRY--TOPICAL TERM | |
| Topical term or geographic name as entry element | SAGGI DI ANTROPOLOGIA |
| 650 ## - SUBJECT ADDED ENTRY--TOPICAL TERM | |
| Relator term | Codice materia Spics: 3507 |
| 942 ## - ADDED ENTRY ELEMENTS (KOHA) | |
| Koha item type | LIBRO |
| 957 ## - | |
| -- | 1 |
| 999 ## - SYSTEM CONTROL NUMBERS (KOHA) | |
| -- | 1 |
| Withdrawn status | Lost status | Damaged status | Not for loan | Home library | Current library | Date acquired | Total Checkouts | Full call number | Date last seen | Price effective from | Koha item type | Public note |
|---|---|---|---|---|---|---|---|---|---|---|---|---|
| Buone Condizioni | Not For Loan | SPICS-MEDIATECA | SPICS-MEDIATECA | 08/03/2013 | C9485 | 08/03/2013 | 08/03/2013 | LIBRO | Progressivo inserimento: 8044 / N. Volumi: 0 [=Contributo] Copie: 1 / data import: 1 marzo 2013 - By Epidotti, Trombetti, Vaglietti. |